LIBRARY & INFORMATION CENTRE, KCAET, TAVANUR

ONLINE PUBLIC ACCESS CATALOGUE (OPAC)

Economics of welfare / (Record no. 2059)

MARC details
000 -LEADER
fixed length control field 00461cam a2200193ua 4500
041 ## - LANGUAGE CODE
Language code of text/sound track or separate title eng
082 ## - DEWEY DECIMAL CLASSIFICATION NUMBER
Classification number 330
Item number PIG/EC
100 ## - MAIN ENTRY--AUTHOR NAME
Personal name Pigou, A.C .
245 ## - TITLE STATEMENT
Title Economics of welfare /
250 ## - EDITION STATEMENT
Edition statement 4 /
260 ## - PUBLICATION, DISTRIBUTION, ETC. (IMPRINT)
Place of publication Newyork :
Name of publisher MacMillan and Company Limited ,
Year of publication 1960.
300 ## - PHYSICAL DESCRIPTION
Number of Pages 876 ; .
942 ## - ADDED ENTRY ELEMENTS (KOHA)
Koha item type Books
Holdings
Withdrawn status Lost status Damaged status Home library Current library Date acquired Full call number Accession Number Koha item type Cost, normal purchase price
Withdrawn     KAUAET KAUAET 07/04/2012 330 2577 Books 9.00
Withdrawn     KAUAET Sanskrit University 07/04/2012 330 5161 Books  
free website counter